000 00595nam a2200205Ia 4500
005 20220216104814.0
008 210716s2003 xx 000 0 und d
020 _a8120301161
040 _cAIMIT LIBRARY
041 _aeng
082 _a658.001
_21
_bDEAJ
100 _aDean, Joel.
_920140
245 _aManagerial economics /
_cBy Joel Dean.
250 _a1st ed.
260 _aNew Delhi :
_bPrentice Hall of India PVt Ltd ,
_c2003 .
300 _axiv,621p. ;
_c22 cm.
650 _aMultiple Products.
_920141
650 _aCapital Budgeting.
_920142
942 _2ddc
_cBK
_e1st
_k658.001 DEAJ
999 _c197529
_d197529